Ma'ariful Quran / (Record no. 35526)

MARC details
000 -LEADER
fixed length control field 00674nam a22001697a 4500
005 - DATE AND TIME OF LATEST TRANSACTION
control field 20240403134707.0
008 - FIXED-LENGTH DATA ELEMENTS--GENERAL INFORMATION
fixed length control field 240403b |||||||| |||| 00| 0 eng d
082 ## - DEWEY DECIMAL CLASSIFICATION NUMBER
Classification number 297
Item number IDR-M
100 ## - MAIN ENTRY--AUTHOR
Author Name Hafiz Muhammad Idrees
245 ## - TITLE STATEMENT
Title Ma'ariful Quran /
Statement of responsibility, etc. Hafiz Muhammad Idrees
260 ## - PUBLICATION, DISTRIBUTION, ETC.
Place of Publication Pakistan :
Name of publisher, distributor, etc. Maktaba Al Hassan ;
300 ## - PHYSICAL DESCRIPTION
Pages v-1 (671 p.), v-2 (716 p.), v-3 (644 p.), v-4 (625 p.), v-5 (611 p.), v-6 (529 p.), v-7 (675 p.), v-8 (598 p.) :
500 ## - GENERAL NOTE
General note 1-Set of 8 volumes.<br/>2-v-1 (671 p.), v-2 (716 p.), v-3 (644 p.), v-4 (625 p.), v-5 (611 p.), v-6 (529 p.), v-7 (675 p.), v-8 (598 p.)
650 ## - SUBJECT ADDED ENTRY--TOPICAL TERM
Subject / Department Literature / Islamic
700 ## - ADDED ENTRY--PERSONAL NAME
Personal name Quran
300 ## - PHYSICAL DESCRIPTION
-- 25 cm.
952 ## - LOCATION AND ITEM INFORMATION (KOHA)
-- 0
-- 0
952 ## - LOCATION AND ITEM INFORMATION (KOHA)
-- 0
-- 0
952 ## - LOCATION AND ITEM INFORMATION (KOHA)
-- 0
-- 0
952 ## - LOCATION AND ITEM INFORMATION (KOHA)
-- 0
-- 0
952 ## - LOCATION AND ITEM INFORMATION (KOHA)
-- 0
-- 0
952 ## - LOCATION AND ITEM INFORMATION (KOHA)
-- 0
-- 0
952 ## - LOCATION AND ITEM INFORMATION (KOHA)
-- 0
-- 0
952 ## - LOCATION AND ITEM INFORMATION (KOHA)
-- 0
-- 0
Holdings
Lost status Damaged status Collection code Permanent Location Current Location Shelving Location Date acquired Full Call Number Accession No./Barcode Date last seen item type Koha item type
    Literature/Urdu/eng/Islamic Superior Information Resource Center (SIRC) Superior University- Main Campus Superior Information Resource Center (SIRC) Superior University- Main Campus Literature / Islamic 04/03/2024 297 IDR-M V-1 29217 04/26/2024 BOOK BOOK
    Literature/Urdu/eng/Islamic Superior Information Resource Center (SIRC) Superior University- Main Campus Superior Information Resource Center (SIRC) Superior University- Main Campus Literature / Islamic 04/03/2024 297 IDR-M V-2 29218 04/26/2024 BOOK BOOK
    Literature/Urdu/eng/Islamic Superior Information Resource Center (SIRC) Superior University- Main Campus Superior Information Resource Center (SIRC) Superior University- Main Campus Literature / Islamic 04/03/2024 297 IDR-M V-3 29219 04/26/2024 BOOK BOOK
    Literature/Urdu/eng/Islamic Superior Information Resource Center (SIRC) Superior University- Main Campus Superior Information Resource Center (SIRC) Superior University- Main Campus Literature / Islamic 04/03/2024 297 IDR-M V-4 29220 04/26/2024 BOOK BOOK
    Literature/Urdu/eng/Islamic Superior Information Resource Center (SIRC) Superior University- Main Campus Superior Information Resource Center (SIRC) Superior University- Main Campus Literature / Islamic 04/03/2024 297 IDR-M V-5 29221 04/26/2024 BOOK BOOK
    Literature/Urdu/eng/Islamic Superior Information Resource Center (SIRC) Superior University- Main Campus Superior Information Resource Center (SIRC) Superior University- Main Campus Literature / Islamic 04/03/2024 297 IDR-M V-6 29222 04/26/2024 BOOK BOOK
    Literature/Urdu/eng/Islamic Superior Information Resource Center (SIRC) Superior University- Main Campus Superior Information Resource Center (SIRC) Superior University- Main Campus Literature / Islamic 04/03/2024 297 IDR-M V-7 29223 04/26/2024 BOOK BOOK
    Literature/Urdu/eng/Islamic Superior Information Resource Center (SIRC) Superior University- Main Campus Superior Information Resource Center (SIRC) Superior University- Main Campus Literature / Islamic 04/03/2024 297 IDR-M V-8 29224 04/26/2024 BOOK BOOK

Powered by Koha